Bramkarze reprezentacji Turcji w XXI wieku - Statystyki

Ogólne statystyki
  • Ten quiz został rozwiązany 47 razy
    19 od ostatniego zresetowania
  • Średni wynik to 3 z 20
Statystyki odpowiedzi
Lata gry # Nazwisko % Poprawnych
2012- 37 Mert Günok
50%
2004-2014 63 Volkan Demirel
50%
1994-2012 120 Rüştü Reçber
43%
2014-2018 35 Volkan Babacan
43%
2021- 10 Altay Bayındır
21%
2019- 31 Uğurcan Çakır
21%
2010-2017 13 Onur Kıvrak
14%
2007 4 Hakan Arıkan
7%
2017 2 Harun Tekin
7%
2012 2 Cenk Gönen
0%
2022- 2 Doğan Alemdar
0%
2021 1 Gökhan Akkan
0%
2000-2002 3 Metin Aktaş
0%
2000-2005 19 Ömer Çatkıç
0%
2006 1 Orkun Uşak
0%
2007 1 Serdar Kulbilge
0%
2018 4 Serkan Kırıntılı
0%
2011-2019 12 Sinan Bolat
0%
2006-2014 9 Tolga Zengin
0%
2002-2003 5 Zafer Özgültekin
0%
Nie znaleziono quizów pasujących do podanych kryteriów
Rozkład punktacji
Procent ludzi z każdym wynikiem
Percentyl według liczby udzielonych odpowiedzi
Twoja historia wyników
Nie rozwiązałeś tego quizu od ostatniego zresetowania